| 000 | 00640nam a2200193 4500 | ||
|---|---|---|---|
| 001 | 144413 | ||
| 003 | ES-MaACL | ||
| 007 | t| | ||
| 008 | 070214s1983 sp r ||||1| spa d | ||
| 100 | 1 |
_aSilberbauer, G. _9106330 |
|
| 245 | 1 | 0 |
_aCazadores del desierto _b: cazadores y habitat en el desierto de Kalahari / _cG. Silberbauer ; traducción de Lidia Porta. |
| 260 |
_aBarcelona : _bMitre, _c1983. |
||
| 300 |
_a344 p., 4 lám. : _bil. ; _c22 cm. |
||
| 490 | 1 | _aTextos de antropología | |
| 700 | 1 |
_aPorta, Lidia. _993174 |
|
| 830 | 0 |
_aTextos de antropología _9182854 |
|
| 852 |
_aES-MaACL _jL-4465 _bR.105428 |
||
| 999 |
_c144413 _d144413 |
||